CREATING TEAMS WITH AN EDGE THE COMPLETE (Record no. 4588)

MARC details
000 -LEADER
fixed length control field 00385nam a2200133Ia 4500
008 - FIXED-LENGTH DATA ELEMENTS--GENERAL INFORMATION
fixed length control field 240624s9999 xx 000 0 und d
041 ## - LANGUAGE CODE
Language code of text/sound track or separate title eng
082 ## - DEWEY DECIMAL CLASSIFICATION NUMBER
Classification number 658.4022 HAR
100 ## - MAIN ENTRY--PERSONAL NAME
Personal name HARVARD BUSINESS SCHOOL PRESS
245 ## - TITLE STATEMENT
Title CREATING TEAMS WITH AN EDGE THE COMPLETE
260 ## - PUBLICATION, DISTRIBUTION, ETC.
Date of publication, distribution, etc. 2004
Place of publication, distribution, etc. Boston
Name of publisher, distributor, etc. Harvard Businesss School Press
300 ## - PHYSICAL DESCRIPTION
Extent xvi, : 172 : p. : cm. ; 23
365 ## - TRADE PRICE
Currency code RS
Price amount 30
Holdings
Withdrawn status Lost status Damaged status Not for loan Home library Current library Shelving location Date acquired Source of acquisition Cost, normal purchase price Total Holds Full call number Barcode Date last seen Copy number Price effective from Koha item type
        IMTN IMTN Rack 26-B 02/28/2007 IBH 495.00 576 658.4022 HAR 4588 06/24/2024 1 06/24/2024 Books
Designed & Maintained by: LRC IMT Nagpur Contact: lrc@imtnag.ac.in© 2024. All Rights Reserved.